[Event "Vancouver Open--Open"]
[Site "Vancouver, WA"]
[Date "2017.08.06"]
[Round "5"]
[White "Seitzer  (OR), Phillip"]
[Black "Cigan  (OR), Jason"]
[Result "0-1"]
[WhiteElo "2056"]
[BlackElo "2218"]
[Annotator "Murlin"]
[PlyCount "130"]
[EventDate "2017.08.05"]
[SourceDate "2017.08.25"]
[SourceVersionDate "2017.08.25"]

1. e4 c5 2. Nf3 d6 3. d4 cxd4 4. Nxd4 Nf6 5. Nc3 a6 6. Bg5 Nbd7 7. Qe2 h6 8.
Bh4 g6 9. O-O-O e5 10. Nb3 Be7 11. f3 b5 12. Bf2 Bb7 13. a3 Rc8 14. Qd2 Nb6 15.
Na5 Ba8 16. Be3 d5 17. exd5 Nbxd5 18. Qe1 Rxc3 19. bxc3 Qxa5 20. Rd3 Bxa3+ 21.
Kd1 Bb2 22. Bd2 Qa1+ 23. Ke2 Qxe1+ 24. Kxe1 e4 25. fxe4 Nxe4 26. Be2 Nxd2 27.
Kxd2 Bxc3+ 28. Kc1 O-O 29. Bf3 Nb4 30. Rxc3 Na2+ 31. Kb2 Nxc3 32. Kxc3 Bxf3 33.
gxf3 Rc8+ 34. Kd3 Kg7 35. Ra1 Rc6 36. c3 Kf6 37. Rb1 Kf5 38. Rb4 h5 39. Rd4 f6
40. Rh4 a5 41. Rd4 Rc5 42. Rd6 g5 43. Kd4 Rc4+ 44. Kd3 Rc5 45. Ra6 a4 46. Kd2
Ke5 47. Rb6 f5 48. h4 gxh4 49. Rh6 Kf4 50. Rxh5 Kg3 51. Ke2 a3 52. Rg5+ Kf4 53.
Rh5 Rxc3 54. Rxh4+ Ke5 55. Rb4 Rc5 56. Rb3 a2 57. Ra3 Rc2+ 58. Kd3 Rh2 59. Ra5
Kf4 60. Kc3 Rf2 61. Kb4 Re2 62. Ra3 Rb2+ 63. Kc5 b4 64. Ra4 Kxf3 65. Kc4 b3 {
I hope these moves are accurate. Legibility waxed and waned throughout the
score sheet.} 0-1

[Event "Vancouver Open--Open"]
[Site "Vancouver, WA"]
[Date "2017.08.06"]
[Round "5"]
[White "Sinanan  (WA), Josh"]
[Black "ZHang  (WA), Brendan"]
[Result "1-0"]
[WhiteElo "2263"]
[BlackElo "2094"]
[PlyCount "149"]
[EventDate "2017.08.05"]
[SourceDate "2017.08.25"]
[SourceVersionDate "2017.08.25"]

1. Nf3 Nf6 2. c4 e6 3. Nc3 b6 4. g3 Bb7 5. Bg2 Be7 6. O-O c5 7. d4 cxd4 8. Qxd4
Nc6 9. Qf4 O-O 10. Rd1 Bb4 11. Bd2 Bc5 12. Be1 Qb8 13. Qc1 a5 14. Na4 Ne7 15.
Nxc5 bxc5 16. Bc3 Bc6 17. Qg5 h6 18. Qxc5 Nf5 19. Bxf6 gxf6 20. Nd4 Bxg2 21.
Nxf5 Qb7 22. Nd6 Qc6 23. Qd4 Bh3 24. f3 Ra6 25. Qxf6 Qc5+ 26. Qd4 Qxd4+ 27.
Rxd4 e5 28. Rd2 Be6 29. b3 f5 30. Rc1 Rb8 31. Rc3 Kg7 32. e4 fxe4 33. fxe4 a4
34. Kf2 axb3 35. axb3 Rf8+ 36. Rf3 Rfa8 37. Nb5 Bg4 38. Rfd3 Rf8+ 39. Kg2 Ra1
40. h3 Be6 41. Nc7 Rff1 42. Nxe6+ dxe6 43. Rf2 Rg1+ 44. Kf3 Rab1 45. Rc3 Kf6
46. c5 Ke7 47. c6 Rgc1 48. Rfc2 Rxc2 49. Rxc2 Rxb3+ 50. Kg4 Kd8 51. c7+ Kc8 52.
Rc6 h5+ 53. Kh4 Rb4 54. Kxh5 Rxe4 55. g4 Re1 56. g5 e4 57. h4 e5 58. Rc5 e3 59.
Rxe5 Kxc7 60. g6 Kd6 61. Re8 e2 62. Kh6 Rh1 63. Rxe2 Rxh4+ 64. Kg7 Rg4 65. Kh7
Rh4+ 66. Kg8 Rh1 67. g7 Rh3 68. Re4 Kd5 69. Re8 Kd6 70. Re2 Rh1 71. Re4 Rh2 72.
Kf7 Rf2+ 73. Kg6 Rg2+ 74. Kf6 Kd5 75. Re5+ 1-0